| 000 | 00704 a2200181 4500 | ||
|---|---|---|---|
| 003 | Nust | ||
| 005 | 20170207153219.0 | ||
| 040 | _cNust | ||
| 082 | _a621.382 | ||
| 100 | _aKiani, Ishtiaq Mahmood ( MSEE-12) | ||
| 245 |
_aDevelopment of estimation method for IDMA systems and its comparative study with log likelihood method _cIshtiaq Mahmood Kiani |
||
| 260 |
_bMCS, NUST _cNov, 2008 _aRawalpindi |
||
| 300 | _axi,65, p.; | ||
| 505 | _aIntroduction (page-1) Multiple access schemes (page-4) IDMA using hypothesis theory (page-16) IDMA using estimation theory (page-32) Analysis and results (page-45) Conclusion (page-60) | ||
| 538 | _aAlmirah No 69 Shelf No 2 | ||
| 650 | _aPG Thesis | ||
| 651 | _aMSEE-12 | ||
| 942 | _cTHS | ||
| 999 |
_c181736 _d181736 |
||